[Event "It (open)"]
[Site "masterchessopen.com - London (England)"]
[Round "7"]
[White "Hassabis Demis (ENG)"]
[Black "Van Zyil Smit Konrad (RSA)"]
[Result "0-1"]
[WhiteElo "2260"]
[BlackElo "2145"]

1.d4 Nf6 2.Nf3 g6 3.g3 Bg7 4.Bg2 O-O 5.c4 c5 6.d5 d6 7.Nc3 e6 8.O-O exd5
9.cxd5 Re8 10.Nd2 a6 11.a4 Nbd7 12.h3 Rb8 13.Nc4 Nb6 14.Nxb6 Qxb6 15.e4 Nd7
16.a5 Qc7 17.Be3 b5 18.axb6 Qxb6 19.Rb1 Ne5 20.b4 Bd7 21.bxc5 Qa5 22.Rxb8 Rxb8
23.c6 Qxc3 24.Bd4 Qb4 25.Bxe5 Bxe5 26.cxd7 Qb5 27.Qg4 h5 28.Qd1 Qxd7 29.f4 Bg7
30.f5 Be5 31.Qf3 a5 32.h4 a4 33.fxg6 fxg6 34.Kh2 Qe7 35.Bh3 Qxh4 36.Rf2 Qe7
37.Be6+ Kg7 38.Qe3 Rb3 {#R} 0-1

[Event "It (open)"]
[Site "masterchessopen.com - New York (USA)"]
[Round "0"]
[White "Umezinwa George (USA)"]
[Black "Cooke Eric (USA)"]
[Result "1-0"]
[WhiteElo "2310"]
[BlackElo "2165"]

1.d4 Nf6 2.Nf3 g6 3.g3 Bg7 4.Bg2 O-O 5.O-O d6 6.c4 c5 7.d5 e6 8.Nc3 exd5
9.cxd5 a6 10.a4 Re8 11.Nd2 Nbd7 12.h3 Rb8 13.Nc4 Ne5 14.Na3 Nh5 15.e4 Rf8
16.g4 Bxg4 17.hxg4 Qh4 18.gxh5 Ng4 19.Bf4 Be5 20.Qd2 f5 21.Nc4 g5 22.Nxe5 gxf4
23.Nf3 Qxh5 24.Qxf4 Kh8 25.Qg5 Qf7 26.Qxf5 Qg7 27.Qg5 Qd7 28.e5 Rg8 29.e6 Qc7
30.Qh4 Rbf8 31.Ng5 Ne5 32.f4 Ng6 33.Qh2 Qe7 34.Nce4 Rf5 35.Nxd6 {#r} 1-0

[Event "Cup Rilton"]
[Site "masterchessopen.com - Stockholm (Sweden)"]
[Round "0"]
[White "Hellborg Teodor (SWE)"]
[Black "Ornstein Axel (SWE)"]
[Result "0-1"]
[WhiteElo "2267"]
[BlackElo "2413"]

1.d4 Nf6 2.c4 e6 3.g3 c5 4.d5 exd5 5.cxd5 d6 6.Nc3 g6 7.Bg2 Bg7 8.Nf3 O-O
9.O-O Re8 10.Nd2 a6 11.a4 Nbd7 12.h3 Rb8 13.Nc4 Nb6 14.Na3 Bd7 15.a5 Nc8
16.Nc4 Qc7 17.Re1 Bb5 18.Qb3 Bxc4 19.Qxc4 Nd7 20.Bf4 Ne5 21.Qa4 b5 22.axb6
Nxb6 23.Qxa6 Nec4 24.Rac1 Qe7 25.Ne4 f5 26.Nxc5 g5 27.Bxd6 Nxd6 28.Ne6 Rec8
29.b3 Bc3 30.Red1 Nd7 31.Nxg5 Nc5 32.Qa2 Nxb3 33.Rb1 Nd4 34.Ne6 Ra8 35.Qxa8
Rxa8 36.Nxd4 Bxd4 37.Rxd4 Qxe2 38.Rf4 Kg7 39.Bf3 Qe5 40.Kg2 Ra2 41.h4 Qe3
42.Rf1 Rd2 43.Kg1 Qe5 44.Rc1 Kf6 45.Ra4 Rxf2 {#R} 0-1

[Event "Ch Czech Republic (juniors) (under 16)"]
[Site "masterchessopen.com - Svetla nad Sazavou (Czech Republic)"]
[Round "0"]
[White "Cvek Robert (CZE)"]
[Black "Simacek Pavel (CZE)"]
[Result "1-0"]
[WhiteElo "2518"]
[BlackElo "2462"]

1.d4 Nf6 2.Nf3 c5 3.d5 d6 4.g3 e6 5.c4 g6 6.Nc3 exd5 7.cxd5 Bg7 8.Bg2 O-O
9.O-O Re8 10.Nd2 a6 11.a4 Nbd7 12.Nc4 Ne5 13.Na3 Bd7 14.f4 Neg4 15.Nc4 Nh5
16.Nxd6 Bd4+ 17.Kh1 Bf2 18.Qd3 Re3 19.Bxe3 Nxg3+ 20.hxg3 Bxg3 21.Rf3 Qh4+
22.Kg1 Bf5 23.Nxf5 gxf5 24.Qxf5 h6 25.Ne4 Bh2+ 26.Kf1 Re8 27.Qxg4+ {#r} 1-0

[Event "It (open)"]
[Site "masterchessopen.com - Werfen (Austria)"]
[Round "0"]
[White "Szymczak Zbigniew (POL)"]
[Black "Grabert Ralf (GER)"]
[Result "0-1"]
[WhiteElo "2279"]
[BlackElo "2254"]

1.d4 Nf6 2.c4 e6 3.g3 c5 4.d5 exd5 5.cxd5 d6 6.Nc3 g6 7.Bg2 Bg7 8.Nf3 O-O
9.O-O a6 10.a4 Re8 11.Nd2 Nbd7 12.Nc4 Ne5 13.Nxe5 Rxe5 14.e4 Re8 15.h3 Rb8
16.Qd3 Nd7 17.f4 b5 18.axb5 axb5 19.Kh2 c4 20.Qf3 f5 21.exf5 gxf5 22.Bd2 Nc5
23.Rfe1 b4 24.Rxe8+ Qxe8 25.Nd1 Nb3 {#R} 0-1

[Event "Ch Armenia"]
[Site "masterchessopen.com - Yerevan (Armenia)"]
[Round "4"]
[White "Mirumian Vigen (CZE)"]
[Black "Kalantarian Norik (ARM)"]
[Result "1-0"]
[WhiteElo "2290"]
[BlackElo "2455"]

1.d4 c5 2.d5 e6 3.c4 exd5 4.cxd5 d6 5.Nc3 Nf6 6.Nf3 g6 7.g3 Bg7 8.Bg2 O-O
9.O-O Re8 10.Nd2 a6 11.a4 Nbd7 12.Nc4 Ne5 13.Nxe5 Rxe5 14.Bf4 Re8 15.Qb3 Rb8
16.a5 b5 17.axb6 Rxb6 18.Qc2 Ng4 19.Bd2 Bd7 20.b3 f5 21.h3 Nf6 22.Ra3 Qb8
23.Rfa1 Bb5 24.e3 Rb7 25.R1a2 Rbe7 26.Ra5 Qb7 27.Nxb5 axb5 28.Qd3 Rb8 29.Bf1
Qxd5 30.Rxb5 Rxb5 31.Qxb5 Qb7 32.Qc4+ Kf8 33.b4 Rc7 34.bxc5 Rxc5 35.Qe6 Ne8
36.Bc4 d5 37.Bb4 Qxb4 38.Ra8 Bb2 39.Rxe8+ Kg7 40.Qd7+ Kh6 41.Re7 Rxc4 42.Rxh7+
Kg5 43.f4+ {#r} 1-0

[Event "n) (b"]
[Site "masterchessopen.com - Balatonbereny (Hungary)"]
[Round "5"]
[White "Seres Lajos (HUN)"]
[Black "Horvath Gyula (HUN)"]
[Result "0-1"]
[WhiteElo "2435"]
[BlackElo "2440"]

1.d4 Nf6 2.c4 a6 3.g3 e6 4.Bg2 c5 5.d5 exd5 6.cxd5 d6 7.a4 g6 8.Nc3 Bg7 9.Nf3
O-O 10.O-O Nbd7 11.Nd2 Re8 12.h3 Rb8 13.Nc4 Ne5 14.Na3 Nh5 15.e4 Bd7 16.g4 Qh4
17.Re1 b5 18.axb5 axb5 19.Naxb5 Bxb5 20.Nxb5 Rxb5 21.gxh5 Reb8 22.Ra6 Nc4
23.hxg6 hxg6 24.Qc2 Rxb2 25.Bg5 Qxg5 26.Qxc4 Bd4 27.Rf1 Rxf2 28.Rxf2 Rb1+
29.Qf1 Rxf1+ 30.Kxf1 Qc1+ {#R} 0-1

[Event "It (open) \"]
[Site "masterchessopen.com - Buenos Aires (Argentina)"]
[Round "5"]
[White "Churin Leonardo (ARG)"]
[Black "Paglilla Carlos (ARG)"]
[Result "0-1"]
[WhiteElo "2275"]
[BlackElo "2400"]

1.d4 Nf6 2.c4 e6 3.Nf3 c5 4.d5 exd5 5.cxd5 d6 6.Nc3 g6 7.g3 Bg7 8.Bg2 O-O
9.O-O a6 10.a4 Nbd7 11.Nd2 Re8 12.Nc4 Nb6 13.Na3 Bd7 14.Re1 Qc7 15.Rb1 Ng4
16.h3 Ne5 17.b3 c4 18.a5 Nc8 19.b4 Bf5 20.Nc2 Na7 21.Bb2 Re7 22.f4 Nd3 23.exd3
cxd3 24.Rxe7 Qxe7 25.Ne1 Qe3+ 26.Kh2 d2 27.Nc2 Qd3 28.g4 {#R} 0-1

[Event "It (open) \"]
[Site "masterchessopen.com - Buenos Aires (Argentina)"]
[Round "1"]
[White "Slipak Sergio (ARG)"]
[Black "Lloyd Osvaldo R (ARG)"]
[Result "1-0"]
[WhiteElo "2520"]
[BlackElo "2195"]

1.d4 Nf6 2.c4 c5 3.d5 e6 4.Nc3 exd5 5.cxd5 d6 6.Nf3 g6 7.g3 Bg7 8.Bg2 O-O
9.O-O a6 10.a4 Nbd7 11.Nd2 Re8 12.h3 Rb8 13.Nc4 Ne5 14.Na3 h6 15.f4 Ned7
16.Kh2 Qc7 17.Qb3 Nh7 18.e4 Kh8 19.Bd2 b6 20.Rae1 Bb7 21.Nc4 g5 22.fxg5 Ne5
23.gxh6 {#r} 1-0

[Event "It (open)"]
[Site "masterchessopen.com - Bytom (Poland)"]
[Round "0"]
[White "Fraczek Leslaw (POL)"]
[Black "Drozd Ryszard (POL)"]
[Result "0-1"]
[WhiteElo "1842"]
[BlackElo "2240"]

1.d4 g6 2.c4 Bg7 3.g3 c5 4.d5 e6 5.Nc3 Nf6 6.Bg2 O-O 7.Nf3 exd5 8.cxd5 d6
9.O-O a6 10.a4 Re8 11.Nd2 Nbd7 12.a5 b5 13.axb6 Nxb6 14.h3 Bd7 15.Nb3 Bb5
16.Re1 Nfd7 17.f4 f5 18.Na5 Nf6 19.g4 fxg4 20.e4 gxh3 21.Bxh3 Bd7 22.Bg2 Ng4
23.Nb3 Qh4 24.Be3 Nc4 25.Qf3 Rab8 {#R} 0-1

[Event "It (open)"]
[Site "masterchessopen.com - Cannes (France)"]
[Round "9"]
[White "Moulain Jean-Pierre (FRA)"]
[Black "Jaulin Marc (FRA)"]
[Result "1-0"]
[WhiteElo "2185"]
[BlackElo "2108"]

1.d4 Nf6 2.c4 c5 3.d5 e6 4.Nc3 exd5 5.cxd5 d6 6.Nf3 g6 7.g3 Bg7 8.Bg2 O-O
9.O-O a6 10.a4 Nbd7 11.Nd2 Re8 12.h3 Rb8 13.a5 b5 14.axb6 Nxb6 15.e4 Qc7
16.Re1 Nfd7 17.Bf1 c4 18.Na4 Nxa4 19.Rxa4 Nc5 20.Rxc4 Qa5 21.Qc2 Bd7 22.Re3
Bb5 23.Ra3 Qd8 24.b4 Bxc4 25.Qxc4 Nxe4 26.Nxe4 Rc8 27.Nc5 dxc5 28.bxc5 Bf8
29.c6 a5 30.Rf3 Bd6 31.h4 f5 32.Kg2 Re4 33.Qc2 Qe7 34.Bd3 Rg4 35.Bxf5 Rxh4
36.Be6+ Kg7 37.Qc3+ {#r} 1-0

[Event "Czech League 1995/96 (2nd) (b)"]
[Site "masterchessopen.com - Czech Republic"]
[Round "3"]
[White "Drabek Miloslav (CZE)"]
[Black "Borkovec Milan (CZE)"]
[Result "0-1"]
[WhiteElo "2005"]
[BlackElo "2188"]

1.d4 Nf6 2.c4 g6 3.g3 Bg7 4.Bg2 O-O 5.Nf3 d6 6.O-O c5 7.d5 e6 8.Nc3 exd5
9.cxd5 a6 10.a4 Re8 11.Nd2 Nbd7 12.Nc4 Ne5 13.Nxe5 Rxe5 14.Bf4 Re8 15.h3 Rb8
16.a5 b5 17.axb6 Rxb6 18.Qc2 Nh5 19.Bd2 f5 20.Rfe1 Bd7 21.Rab1 Nf6 22.Bg5 h6
23.Bd2 Re7 24.b3 Qe8 25.e3 Ne4 26.Nxe4 fxe4 27.Bc3 Bxc3 28.Qxc3 Re5 29.Red1
Bb5 30.Rb2 Rb7 31.b4 Rc7 32.Qa3 Qf7 33.Qa5 cxb4 34.Rxb4 Rc2 35.f4 exf3 36.Bf1
Qa7 37.Rbd4 Bxf1 38.Kxf1 Qd7 39.g4 Rxe3 40.Rf4 Ree2 41.Rxf3 Rh2 {#R} 0-1

[Event "Ch Baden-Wuerttemberg"]
[Site "masterchessopen.com - Germany"]
[Round "4"]
[White "Froehlich Peter (GER)"]
[Black "Grimm Richard (GER)"]
[Result "1-0"]
[WhiteElo "2260"]
[BlackElo "2046"]

1.d4 Nf6 2.c4 e6 3.g3 c5 4.d5 exd5 5.cxd5 d6 6.Nc3 g6 7.Bg2 Bg7 8.Nf3 O-O
9.O-O Re8 10.Nd2 a6 11.a4 Nbd7 12.h3 Rb8 13.Nc4 Ne5 14.Na3 Re7 15.f4 Ned7
16.Kh2 Ne8 17.e4 f5 18.Nc4 b5 19.axb5 axb5 20.Na5 Bb7 21.exf5 b4 22.Ne4 gxf5
23.Ng5 Nc7 24.Ne6 Nxe6 25.Nxb7 Rxb7 26.dxe6 {#r} 1-0

[Event "Ch World (juniors) (under 20) (g)"]
[Site "masterchessopen.com - Halle (Germany)"]
[Round "6"]
[White "Apkhaidze Natia (GEO)"]
[Black "Abishova Anna (EST)"]
[Result "0-1"]
[WhiteElo "2184"]
[BlackElo "2045"]

1.d4 Nf6 2.Nf3 e6 3.c4 c5 4.d5 d6 5.Nc3 exd5 6.cxd5 g6 7.g3 Bg7 8.Bg2 O-O
9.O-O a6 10.a4 Re8 11.Nd2 Nbd7 12.e4 Rb8 13.Nc4 Ne5 14.Nxe5 Rxe5 15.Bf4 Re8
16.a5 b5 17.axb6 Rxb6 18.Qd2 Rb4 19.Rfe1 Ng4 20.h3 Ne5 21.Qc2 Qb6 22.Na4 Qb5
23.Bd2 Rb3 24.Bc3 Bd7 25.Red1 Rb8 26.Bf1 Qb7 27.Kh1 Qc8 28.f4 Nf3 29.Bc4 Bxa4
30.Qg2 Rxc3 31.bxc3 Bxd1 32.Bxa6 Qd7 33.Rxd1 Rb2 34.Qxf3 Qxh3+ 35.Kg1 Bxc3
36.Bc8 Bd4+ 37.Rxd4 Qh2+ {#R} 0-1

[Event "It (open)"]
[Site "masterchessopen.com - Hastings (England)"]
[Round "3"]
[White "Davies Nigel R (ENG)"]
[Black "Henderson John B (SCO)"]
[Result "1-0"]
[WhiteElo "2505"]
[BlackElo "2184"]

1.d4 Nf6 2.c4 c5 3.d5 e6 4.Nc3 exd5 5.cxd5 d6 6.Nf3 g6 7.g3 Bg7 8.Bg2 O-O
9.O-O Re8 10.Nd2 a6 11.a4 Nbd7 12.Nc4 Nb6 13.Na3 Bd7 14.Bd2 Rb8 15.Qc2 Nc8
16.Rab1 b5 17.axb5 axb5 18.b4 c4 19.h3 h6 20.e4 Kh7 21.Kh2 Ng8 22.Rbe1 Rb7
23.Qc1 Re7 24.f4 f6 25.Be3 Qe8 26.Bd4 Rb8 27.Nc2 h5 28.Bf2 Nh6 29.Nd4 Nb6
30.Nf3 Nf7 31.Bd4 Na8 32.Qd1 Nc7 33.Nh4 Nh8 34.Bf3 Kh6 35.f5 g5 36.Ng6 Nxg6
37.Bxh5 {#r} 1-0

[Event "It (open)"]
[Site "masterchessopen.com - Isle of Man (Great Britain)"]
[Round "6"]
[White "Arkell Keith C (ENG)"]
[Black "O'Shaughnessy Conor (IRL)"]
[Result "1-0"]
[WhiteElo "2505"]
[BlackElo "2230"]

1.d4 Nf6 2.Nf3 g6 3.c4 c5 4.d5 Bg7 5.Nc3 O-O 6.g3 d6 7.Bg2 e6 8.O-O exd5
9.cxd5 Re8 10.Nd2 Nbd7 11.a4 a6 12.Nc4 Ne5 13.Nxe5 Rxe5 14.Qc2 Rb8 15.Rb1 b5
16.axb5 axb5 17.b4 c4 18.Bf4 Re8 19.Ra1 Nh5 20.Bd2 f5 21.Ra5 Nf6 22.Bf4 Nh5
23.Bd2 Nf6 24.Nxb5 Ne4 25.Bxe4 Rxe4 26.Bc3 Bxc3 27.Qxc3 Qb6 28.e3 Bd7 29.Nd4
Qxb4 30.Qxb4 Rxb4 31.Ra7 Ba4 32.Ra1 Bb3 33.Ne6 {#r} 1-0

[Event "It (open)"]
[Site "masterchessopen.com - Katowice (Poland)"]
[Round "1"]
[White "Dziadykiewicz Tadeusz (POL)"]
[Black "Urban Klaudiusz (POL)"]
[Result "0-1"]
[WhiteElo "2025"]
[BlackElo "2435"]

1.d4 Nf6 2.c4 g6 3.g3 Bg7 4.Bg2 O-O 5.Nc3 c5 6.d5 d6 7.Nf3 e6 8.O-O exd5
9.cxd5 Re8 10.Nd2 a6 11.a4 Nbd7 12.Nc4 Ne5 13.Nxe5 Rxe5 14.e4 Re8 15.Re1 Rb8
16.a5 b5 17.axb6 Qxb6 18.Qa4 Nd7 19.Bf4 Rf8 20.Reb1 Ne5 21.Bf1 f5 22.Bxe5 Bxe5
23.Bd3 f4 24.Qc6 Qd8 25.Qa4 Bd4 26.Nd1 fxg3 27.hxg3 Qf6 28.Qc2 Qf3 {#R} 0-1

[Event "It (open)"]
[Site "masterchessopen.com - Lenk (Switzerland)"]
[Round "2"]
[White "Gerber Richard (SUI)"]
[Black "Saladin Thomas (SUI)"]
[Result "1-0"]
[WhiteElo "2375"]
[BlackElo "2200"]

1.d4 Nf6 2.c4 c5 3.d5 d6 4.Nc3 g6 5.Nf3 e6 6.g3 exd5 7.cxd5 Bg7 8.Bg2 O-O
9.O-O a6 10.a4 Re8 11.Nd2 Nbd7 12.Qb3 Nh5 13.Nc4 Ne5 14.Nb6 Rb8 15.a5 f5
16.Bd2 Rf8 17.f4 Ng4 18.Rae1 Bd4+ 19.e3 Bg7 20.Bf3 Nhf6 21.Nxc8 Qxc8 22.e4
fxe4 23.Nxe4 Nxe4 24.Rxe4 Bd4+ 25.Kg2 Nh6 26.Rfe1 Nf5 27.Bg4 Qd7 28.Re6 Qb5
29.Qxb5 axb5 30.Bxf5 Rxf5 31.Rxd6 b4 32.Be3 Bxe3 33.Rxe3 Ra8 34.Re7 Rf7
35.Rxf7 Kxf7 36.Rd7+ Kf6 37.Rxh7 Rxa5 38.h4 Ra2 39.g4 Rxb2+ 40.Kf3 g5 41.hxg5+
Kg6 42.Rh6+ Kg7 43.f5 c4 44.f6+ Kf7 45.Rh7+ Ke8 46.g6 {#r} 1-0

[Event "It (open)"]
[Site "masterchessopen.com - Marostica (Italy)"]
[Round "0"]
[White "Mariotti Sergio (ITA)"]
[Black "Godena Michele (ITA)"]
[Result "1-0"]
[WhiteElo "2435"]
[BlackElo "2420"]

1.Nf3 Nf6 2.c4 e6 3.d4 c5 4.d5 exd5 5.cxd5 d6 6.Nc3 g6 7.g3 Bg7 8.Bg2 O-O
9.O-O Re8 10.Nd2 a6 11.a4 Nbd7 12.f3 Rb8 13.Nc4 Nb6 14.Na3 Bd7 15.e4 Qc7 16.a5
Nc8 17.Nc4 Bb5 18.Qb3 Ne7 19.Bf4 Bxc4 20.Qxc4 Nd7 21.Rfc1 Ne5 22.Qe2 c4 23.Nd1
Rec8 24.Ne3 Nd3 25.Qxd3 cxd3 26.Rxc7 Rxc7 27.Bxd6 Rbc8 28.Bxc7 Rxc7 29.Rd1
Bxb2 30.Rxd3 Nc8 31.d6 Rd7 32.f4 Bf6 33.e5 Bd8 34.Bxb7 Bxa5 35.Bxa6 {#r} 1-0

[Event "It (open)"]
[Site "masterchessopen.com - Massy (France)"]
[Round "9"]
[White "Lacrosse Marc (BEL)"]
[Black "Mrdja Milan (CRO)"]
[Result "0-1"]
[WhiteElo "2240"]
[BlackElo "2450"]

1.d4 Nf6 2.c4 c5 3.d5 g6 4.Nc3 d6 5.Nf3 Bg7 6.g3 O-O 7.Bg2 e6 8.O-O exd5
9.cxd5 Re8 10.Nd2 a6 11.a4 Nbd7 12.h3 Rb8 13.Nc4 Nb6 14.Na3 Bd7 15.e4 Nc8
16.Qd3 Qc7 17.Be3 Qd8 18.Rab1 b5 19.axb5 Bxb5 20.Naxb5 axb5 21.Nxb5 Qa5 22.Na3
Qa4 23.Nc4 Nd7 24.Rfc1 Rb3 25.Qc2 Qb4 26.Bd2 Qb8 27.Bc3 Ne5 28.Nxe5 Bxe5
29.Bf1 Rb6 30.Bg2 Na7 31.Qa4 Bxc3 32.Rxc3 Rb4 33.Qc2 Qb6 34.f4 Nb5 35.Rc4 Na3
36.Rxb4 cxb4+ {#R} 0-1

[Event "Zt (w)"]
[Site "masterchessopen.com - Ptuj (Slovenia)"]
[Round "0"]
[White "Kachiani-G Ketino (GER)"]
[Black "Krmelj Natasa (SLO)"]
[Result "1-0"]
[WhiteElo "2360"]
[BlackElo "2075"]

1.d4 Nf6 2.c4 e6 3.g3 c5 4.d5 exd5 5.cxd5 d6 6.Nc3 g6 7.Bg2 Bg7 8.Nf3 O-O
9.O-O Re8 10.Nd2 a6 11.a4 Nbd7 12.Nc4 Ne5 13.Nxe5 Rxe5 14.Bf4 Re8 15.h3 Rb8
16.Qd3 Nh5 17.Bd2 f5 18.Rab1 b5 19.axb5 axb5 20.b4 c4 21.Qc2 Nf6 22.e3 Bd7
23.Bc1 Ra8 24.Bb2 Qc8 25.Kh2 Qb7 26.Rbd1 Ra6 27.Rfe1 Rea8 28.Re2 R8a7 29.Rde1
Ra8 30.Qc1 Re8 31.e4 Qb6 32.exf5 Rxe2 33.Rxe2 Bxf5 34.Qe1 Ra8 35.g4 Bd7 36.Ne4
Rf8 37.Ng5 Nxg4+ 38.hxg4 Bxb2 39.Rxb2 Qd4 40.Qe7 Qf4+ 41.Kg1 Re8 42.Qxh7+ Kf8
43.Qh8+ {#r} 1-0

[Event "Ch Asia (team)"]
[Site "masterchessopen.com - Singapore"]
[Round "9"]
[White "Safin Shukhrat (UZB)"]
[Black "Dowden R Anthony (NZL)"]
[Result "1-0"]
[WhiteElo "2455"]
[BlackElo "2107"]

1.d4 Nf6 2.c4 c5 3.d5 e6 4.Nc3 exd5 5.cxd5 d6 6.Nf3 g6 7.g3 Bg7 8.Bg2 O-O
9.O-O Re8 10.Nd2 a6 11.a4 Nbd7 12.h3 Rb8 13.Nc4 Ne5 14.Na3 Bd7 15.f4 Nh5
16.Kh2 b5 17.axb5 axb5 18.Ne4 Bf5 19.Nd2 Nc4 20.Naxc4 bxc4 21.Nxc4 Rb4 22.Na5
Rd4 23.Qe1 Qe7 24.e3 Bd7 25.Nc6 Bxc6 26.exd4 Bxd5 27.Qxe7 Rxe7 28.Bxd5 Re2+
29.Bg2 Bxd4 {#r} 1-0

[Event "Slovak League (2nd) 1994/95"]
[Site "masterchessopen.com - Slovakia"]
[Round "10"]
[White "Djubek Boris (SVK)"]
[Black "Berza Stefan (SVK)"]
[Result "1-0"]
[WhiteElo "2172"]
[BlackElo "2092"]

1.d4 Nf6 2.c4 c5 3.d5 e6 4.Nc3 exd5 5.cxd5 d6 6.g3 g6 7.Bg2 Bg7 8.Nf3 O-O
9.O-O a6 10.a4 Re8 11.Nd2 Nbd7 12.h3 Qc7 13.Nc4 Ne5 14.Na3 b6 15.Be3 Bb7
16.Qd2 Rad8 17.Bh6 Bh8 18.f4 Ned7 19.Nc4 Nh5 20.Qd3 Ng7 21.e4 f6 22.Rae1 Nf8
23.g4 Bc8 24.e5 fxe5 25.fxe5 dxe5 26.Bg5 Rd7 27.Qg3 Rf7 28.Rxf7 Qxf7 29.Nxb6
Nd7 30.Nxd7 Qxd7 31.Ne4 Qxa4 32.Rf1 Qd4+ 33.Kh1 Qxb2 34.Nf6+ Kf7 35.Nxe8+ Kxe8
36.Qf3 Nf5 37.gxf5 Bxf5 38.Bc1 Qd4 39.Rd1 Qb4 40.d6 e4 41.Qxf5 gxf5 42.d7+ Kf7
43.d8=Q Bd4 44.Rf1 {#r} 1-0

[Event "Ch Australia"]
[Site "masterchessopen.com - Sydney (Australia)"]
[Round "8"]
[White "Byrne Stewart (AUS)"]
[Black "Johansen Darryl K (AUS)"]
[Result "0-1"]
[WhiteElo "2249"]
[BlackElo "2510"]

1.d4 Nf6 2.c4 c5 3.d5 g6 4.Nc3 d6 5.g3 Bg7 6.Bg2 O-O 7.Nf3 e6 8.O-O exd5
9.cxd5 a6 10.a4 Nbd7 11.Nd2 Re8 12.Nc4 Ne5 13.Nxe5 Rxe5 14.Bf4 Re8 15.Qd2 Rb8
16.Bg5 Qc7 17.Bf3 Nd7 18.Bh6 Bh8 19.Ne4 Nf6 20.Nxf6+ Bxf6 21.Ra3 Bd7 22.Rc1 b5
23.b4 bxa4 24.bxc5 Bb2 25.Rac3 dxc5 26.Bf4 Qa5 27.Bxb8 Bxc1 28.Qxc1 Rxb8
29.Rxc5 Qb4 30.Rc3 Bh3 31.Rd3 a3 32.d6 a2 33.d7 Bxd7 34.Rd1 Qb1 35.Be4 Qxe4
36.Qc7 Rb1 37.Qd8+ Qe8 {#R} 0-1

[Event "Ch Yugoslavia (team)"]
[Site "masterchessopen.com - Tivat (Yugoslavia)"]
[Round "9"]
[White "Jovanovic Milenko (CRO)"]
[Black "Tesic Dragan (SRB)"]
[Result "0-1"]
[WhiteElo "2199"]
[BlackElo "2350"]

1.d4 Nf6 2.c4 g6 3.g3 Bg7 4.Bg2 c5 5.d5 d6 6.Nc3 O-O 7.Nf3 e6 8.O-O exd5
9.cxd5 a6 10.a4 Nbd7 11.Nd2 Re8 12.a5 b5 13.axb6 Nxb6 14.Nb3 Bd7 15.Na5 Qc7
16.Ra2 Bb5 17.b3 Na4 18.bxa4 Qxa5 19.axb5 Qxc3 20.bxa6 Qc4 21.Qa4 Qxa4 22.Rxa4
Reb8 23.Bf4 Ne8 24.Be4 Rb4 25.Rxb4 cxb4 26.Bd3 Bd4 27.Bd2 b3 28.Rc1 b2 29.Rc6
Kf8 30.Bc3 Bxc3 31.Rxc3 Rxa6 32.Rb3 Ra5 33.e4 Ra2 34.Bb1 Ra1 35.Rxb2 Nf6 36.f3
Nd7 37.Rb7 Nc5 38.Rb8+ Ke7 {#R} 0-1

[Event "Ch Slovenia (team)"]
[Site "masterchessopen.com - Bled (Slovenia)"]
[Round "5"]
[White "Beletic Daniel (SLO)"]
[Black "Podkriznik Gregor (SLO)"]
[Result "0-1"]
[WhiteElo "2219"]
[BlackElo "2220"]

1.d4 Nf6 2.Nf3 e6 3.c4 c5 4.d5 exd5 5.cxd5 d6 6.Nc3 g6 7.g3 Bg7 8.Bg2 O-O
9.O-O a6 10.a4 Re8 11.Nd2 Nbd7 12.a5 b5 13.axb6 Nxb6 14.Nde4 Nxe4 15.Nxe4 Bf5
16.Nc3 Qc7 17.Bf4 Nc4 18.e4 Bd7 19.Qc2 f5 20.Bh3 Ne5 21.f3 Rf8 22.Qe2 Qb7
23.Qc2 Qb6 24.Rf2 Rab8 25.Bf1 Bc8 26.Be3 fxe4 27.fxe4 Rxf2 28.Bxf2 Ng4 29.Na4
Qb4 30.Be1 Qd4+ 31.Bf2 Nxf2 32.Qxf2 Qxe4 33.Re1 Qxa4 34.b3 Rxb3 35.Qe2 Re3
36.Qf2 Rxe1 37.Qxe1 Bf5 {#R} 0-1

[Event "It (active)"]
[Site "masterchessopen.com - Cap d'Agde (France)"]
[Round "2"]
[White "Lautier Joel (FRA)"]
[Black "Hracek Zbynek (CZE)"]
[Result "0-1"]
[WhiteElo "2620"]
[BlackElo "2625"]

1.d4 Nf6 2.c4 e6 3.g3 c5 4.d5 exd5 5.cxd5 d6 6.Bg2 g6 7.Nf3 Bg7 8.O-O O-O
9.Nc3 Re8 10.Nd2 a6 11.a4 Nbd7 12.h3 Nh5 13.Nde4 Ndf6 14.Ng5 h6 15.Nf3 Ne4
16.Nxe4 Rxe4 17.Nd2 Rb4 18.Qc2 Bf5 19.e4 Bd7 20.Nc4 Bxa4 21.Rxa4 Rxa4 22.Nxd6
Rb4 23.Qxc5 a5 24.g4 Ng3 25.fxg3 Bd4+ 26.Qxd4 Rxd4 27.Nxf7 Qe7 28.e5 Rxd5
29.Bxh6 Rb5 30.h4 Rxb2 31.Be4 Qc5+ 32.Kh1 Qc4 {#R} 0-1

[Event "Bayern Oberliga"]
[Site "masterchessopen.com - Germany"]
[Round "3"]
[White "Unzicker Ferdinand (GER)"]
[Black "Kuraszkiewicz Michael (GER)"]
[Result "0-1"]
[WhiteElo "2323"]
[BlackElo "2300"]

1.d4 Nf6 2.Nf3 g6 3.g3 Bg7 4.c4 O-O 5.Bg2 c5 6.d5 e6 7.Nc3 exd5 8.cxd5 d6
9.O-O a6 10.a4 Nbd7 11.Nd2 Re8 12.h3 Rb8 13.Nc4 Ne5 14.Na3 Nh5 15.Kh2 Bd7
16.f4 b5 17.axb5 axb5 18.Ne4 b4 19.Nb1 Nc4 20.Ra7 Bf5 21.Qc2 b3 22.Qxc4 Rb4
23.Qa6 Bxe4 24.e3 Bxb1 {#R} 0-1

[Event "Bayern Regionalliga Southeast"]
[Site "masterchessopen.com - Germany"]
[Round "5"]
[White "Schnabel Hans"]
[Black "Leirich Thomas"]
[Result "0-1"]
[WhiteElo "1965"]
[BlackElo "1920"]

1.d4 Nf6 2.c4 e6 3.g3 c5 4.d5 exd5 5.cxd5 d6 6.Nc3 g6 7.Nf3 Bg7 8.Bg2 O-O
9.O-O a6 10.a4 Re8 11.Nd2 Nbd7 12.f4 Ng4 13.Nc4 Nb6 14.Nxb6 Bd4+ 15.Kh1 Qxb6
16.a5 Qc7 17.Ne4 Bf5 18.e3 Bg7 19.Ra4 c4 20.h3 Nxe3 21.Bxe3 Bxe4 22.Bd4 Bd3
23.Bxg7 Kxg7 24.Rf2 Qe7 25.Rb4 Qc7 26.Qd2 Rab8 27.Qc3+ Kg8 28.f5 Qc5 29.Rf4
Re3 30.Qd2 Rbe8 31.fxg6 Re1+ 32.Rf1 Bxf1 33.gxf7+ Kxf7 34.Qf4+ Ke7 35.Qh4+ Kd7
36.Qxh7+ Kd8 37.Qh4+ Kc8 38.Qg4+ Kb8 {#R} 0-1

[Event "It (open)"]
[Site "masterchessopen.com - Hastings (England)"]
[Round "0"]
[White "Arkell Keith C (ENG)"]
[Black "Plaskett Jim (ENG)"]
[Result "0-1"]
[WhiteElo "2545"]
[BlackElo "2455"]

1.d4 c5 2.d5 Nf6 3.g3 g6 4.Bg2 d6 5.c4 Bg7 6.Nc3 O-O 7.Nf3 e6 8.O-O exd5
9.cxd5 Re8 10.Nd2 a6 11.a4 Nbd7 12.Nc4 Ne5 13.Nxe5 Rxe5 14.Bf4 Re8 15.Qc2 Qe7
16.Rfe1 Ng4 17.h3 Ne5 18.a5 Bf5 19.Qb3 Rab8 20.Na4 Bd7 21.Nb6 Bb5 22.Rab1 g5
23.Bd2 f5 24.Qc2 Qf6 25.b4 c4 26.Rbc1 f4 27.Bc3 fxg3 28.fxg3 Rf8 29.Rf1 Qe7
30.Be4 Nd3 31.Rxf8+ Rxf8 32.exd3 cxd3 33.Qg2 Bxc3 34.Rxc3 d2 35.Qxd2 Rf1+
36.Kh2 Qxe4 37.Qxg5+ Kh8 38.Rc8+ Be8 39.Rxe8+ Qxe8 40.Qd2 Qe4 41.Qc3+ Kg8
42.Qc8+ Kg7 43.Qc7+ Kg6 44.Qxd6+ Rf6 45.Qc5 Qe2+ 46.Kg1 Rf1# 0-1

[Event "Ch Chess Club"]
[Site "masterchessopen.com - Lvov (Ukraine)"]
[Round "0"]
[White "Bodnar Nikolay (UKR)"]
[Black "Koziak Vitali (UKR)"]
[Result "0-1"]
[WhiteElo "2430"]
[BlackElo "2440"]

1.d4 Nf6 2.c4 g6 3.g3 Bg7 4.Bg2 O-O 5.Nc3 c5 6.d5 d6 7.Nf3 e6 8.O-O exd5
9.cxd5 a6 10.a4 Re8 11.Nd2 Nbd7 12.Re1 h5 13.Nf3 Ne4 14.Nxe4 Rxe4 15.Qc2 Qe7
16.Bf4 Rb4 17.Ra2 Nb6 18.Nd2 g5 19.Be3 Qe5 20.Qc1 Bg4 21.b3 Nxd5 22.Nc4 Qe6
23.Bxg5 Nc3 24.Rd2 d5 25.Ne3 d4 26.Nxg4 hxg4 27.Rb2 Re8 28.Bf1 Rxb3 29.Rxb3
Qxb3 30.Bh6 Qd5 31.Qf4 Re4 32.Qb8+ Kh7 33.Bxg7 Kxg7 34.Bg2 d3 35.Bxe4 Qxe4
36.Qd8 Nxe2+ 37.Rxe2 dxe2 38.Qg5+ Kh7 39.Qh5+ Kg8 40.Qg5+ Qg6 41.Qd8+ Kg7 {#R}
0-1